000 00759nam a2200277 i 4500
001 1088
003 GBCCL
005 20241126110429.0
008 770708s1976 iluaf 00010aeng
010 _a 76042117 /MN
020 _a084234716X :
_c$7.95
035 _aOCM02568585 820327
040 _aDLC
_cDLC
_dLBB
049 _aLBBK
050 0 _aML420.Z55
_bA3
082 _a783.7092
_aB
_bZIM
092 _a783.70924
_bZ72
100 1 0 _aZimmer, Norma.
_95067
245 1 0 _aNorma /
_cNorma Zimmer.
260 0 _aMineapolis. :
_bWorld wide publications,
_c1976.
300 _a189p. ;
_bill. ;
_c22 cm.
500 _aAutobiographical.
600 1 0 _aZimmer, Norma.
_95067
650 0 _aGospel musicians
_zUnited States
_xBiography.
_95068
942 _2ddc
_cBK
999 _c2443
_d2443